Introduction to African Religion (Record no. 29554)
[ view plain ]
| 000 -LEADER | |
|---|---|
| fixed length control field | 00430nam a2200181Ia 4500 |
| 003 - CONTROL NUMBER IDENTIFIER | |
| control field | 0100 |
| 008 - FIXED-LENGTH DATA ELEMENTS--GENERAL INFORMATION | |
| fixed length control field | 130303s9999 xx 000 0 und d |
| 040 ## - CATALOGING SOURCE | |
| Transcribing agency | ARRUPELIB |
| 050 ## - LIBRARY OF CONGRESS CALL NUMBER | |
| Classification number | BL2400.M3831975 |
| 100 ## - MAIN ENTRY--PERSONAL NAME | |
| Personal name | Mbiti, John S |
| 245 ## - TITLE STATEMENT | |
| Title | Introduction to African Religion |
| 250 ## - EDITION STATEMENT | |
| Edition statement | second revised edition |
| 260 ## - PUBLICATION, DISTRIBUTION, ETC. (IMPRINT) | |
| Place of publication, distribution, etc | Nairobi |
| 260 ## - PUBLICATION, DISTRIBUTION, ETC. (IMPRINT) | |
| Name of publisher, distributor, etc | East African publishers LTD |
| 260 ## - PUBLICATION, DISTRIBUTION, ETC. (IMPRINT) | |
| -- | 1975 |
| 300 ## - PHYSICAL DESCRIPTION | |
| Extent | 216p |
| 942 00 - ADDED ENTRY ELEMENTS (KOHA) | |
| Koha issues (borrowed), all copies | 95 |
| Withdrawn status | Lost status | Source of classification or shelving scheme | Damaged status | Not for loan | Collection code | Home library | Current library | Shelving location | Date acquired | Total Checkouts | Full call number | Barcode | Checked out | Date last seen | Date checked out | Copy number | Price effective from | Koha item type |
|---|---|---|---|---|---|---|---|---|---|---|---|---|---|---|---|---|---|---|
| Library of Congress Classification | Main Collection | ARRUPE LIBRARY | ARRUPE LIBRARY | 04/03/2013 | 54 | BL2400.M3831975 | 46003015160 | 12/02/2026 | 13/01/2026 | 13/01/2026 | 1 | 04/03/2013 | Monograph ( Printed materials) | |||||
| Library of Congress Classification | Main Collection | ARRUPE LIBRARY | ARRUPE LIBRARY | 04/03/2013 | 50 | BL2400.M3831975 | 46003015163 | 24/02/2026 | 15/01/2026 | 2 | 04/03/2013 | Monograph ( Printed materials) | ||||||
| Library of Congress Classification | Main Collection | ARRUPE LIBRARY | ARRUPE LIBRARY | 04/03/2013 | 41 | BL2400.M3831975 | 46003015157 | 05/05/2026 | 21/04/2026 | 21/04/2026 | 3 | 04/03/2013 | Monograph ( Printed materials) | |||||
| Library of Congress Classification | Main Collection | ARRUPE LIBRARY | ARRUPE LIBRARY | 04/03/2013 | 48 | BL2400.M383 1975 | 46003015156 | 08/05/2025 | 18/11/2024 | 4 | 04/03/2013 | Monograph ( Printed materials) | ||||||
| Library of Congress Classification | Main Collection | ARRUPE LIBRARY | ARRUPE LIBRARY | 04/03/2013 | 58 | BL2400.M3831975 | 46003015159 | 10/03/2026 | 24/02/2026 | 24/02/2026 | 5 | 04/03/2013 | Monograph ( Printed materials) | |||||
| Library of Congress Classification | Main Collection | ARRUPE LIBRARY | ARRUPE LIBRARY | 04/03/2013 | 62 | BL2400.M3831975 | 46003088141 | 05/02/2026 | 22/01/2026 | 22/01/2026 | 6 | 04/03/2013 | Monograph ( Printed materials) | |||||
| Library of Congress Classification | Main Collection | ARRUPE LIBRARY | ARRUPE LIBRARY | 04/03/2013 | 30 | BL2400.M3831975 | 46407516 | 27/02/2023 | 11/03/2020 | 7 | 04/03/2013 | Monograph ( Printed materials) | ||||||
| Library of Congress Classification | Main Collection | ARRUPE LIBRARY | ARRUPE LIBRARY | 04/03/2013 | 19 | BL2400.M3831975 | 46407515 | 05/09/2023 | 22/03/2023 | 8 | 04/03/2013 | Monograph ( Printed materials) |